Legislación de urbanismo / Eduardo García de Enterría, José A. Escalante
ISBN:
84-340-0134-9
Descripción Física:
1312, 65 p. ; 22 cm
Otros Autores:
Escalante, José A.
Materias:
Urbanisme -- Legislació -- Espanya
MARC
| LEADER | 00000nam a2200000Ia 4500 | ||
|---|---|---|---|
| 001 | 18386 | ||
| 008 | 160829s1979 xx 000 0 cat d | ||
| 020 | |a 84-340-0134-9 | ||
| 080 | |a D-3-136 | ||
| 100 | 1 | |a García de Enterría, Eduardo, |d 1923-2013 |9 24607 | |
| 245 | |a Legislación de urbanismo / Eduardo García de Enterría, José A. Escalante | ||
| 260 | |a Madrid : |b Boletín Oficial del Estado, |c 1979 | ||
| 300 | |a 1312, 65 p. ; |c 22 cm | ||
| 650 | |a Urbanisme |x Legislació |x Espanya |9 23330 | ||
| 700 | |a Escalante, José A. |9 23331 | ||
| 901 | |a Arxiu | ||
| 942 | |n 1 | ||
| 952 | |0 1 |1 0 |2 udc |4 0 |5 2 |6 D3136 |7 1 |9 42666 |a Arxiu |b Arxiu |d 2016-12-01 |l 0 |o D-3-136 |p 18386 |r 2016-12-01 00:00:00 |w 2016-12-01 |y ARXIU | ||
| 999 | |c 45172 |d 45172 | ||